[Event "Come on and play!"]
[Site "SchemingMind.com"]
[Date "2012.11.16"]
[Round "-"]
[White "mireluc"]
[Black "Scooter"]
[Result "1/2-1/2"]
[WhiteCountry "ESP"]
[BlackCountry "USA"]
[WhiteElo "1575"]
[WhiteRD "87"]
[BlackElo "1769"]
[BlackRD "52"]
[GameID "321488"]

1. e4 c6 2. f4 d5 3. Nc3 dxe4 4. Nxe4 Nf6 5. Ng3 Bg4 6. Be2 Bxe2 7. N1xe2 Nbd7 8. d3 e6 9. a3 Bd6 10. b4 Qb6
11. Bb2 O-O 12. Ne4 Bc7 13. Rb1 Ng4 14. Bd4 Qa6 15. Qc1 Ndf6 16. h3 Nxe4 17. hxg4 Nd6 18. Qb2 f6 19. Rh5 Nb5 20. Ra1 Nxd4
21. Qxd4 Rad8 22. Qe4 e5 23. Qxh7+ Kf7 24. f5 Rg8 25. Qg6+ Ke7 26. Rh7 Kf8 27. Ng3 Qb6 28. Ke2 Qd4 29. Rah1 Bb6 30. Nf1 e4
31. R7h3 Qf2+ 32. Kd1 e3 33. Rxe3 Bxe3 34. Qh5 Ke7 35. Nxe3 Qxe3 36. Re1 Qxe1+ 37. Kxe1 Rh8 38. Qg6 Kf8 39. g5 fxg5 40. f6 Rd7
41. Qxg5 Rh1+ 42. Kd2 gxf6 43. Qxf6+ Rf7 44. Qd8+ Kg7 45. Qd4+ Kg6 46. g4 Rh2+ 47. Kc3 Rff2 48. Qd6+ Kg5 49. Qd4 Rxc2+ 50. Kb3 b5
51. Qxa7 Kxg4 52. Qg7+ Kf3 53. Qf6+ Ke3 54. a4 Rb2+ 55. Qxb2 bxa4+ 56. Kc3 Rxb2 57. Kxb2 Kxd3 58. Ka3 Kc3 59. Kxa4 Kc4=
1/2-1/2

[Event "Come on and play!"]
[Site "SchemingMind.com"]
[Date "2012.11.20"]
[Round "-"]
[White "SAMAEL"]
[Black "Scooter"]
[Result "1-0"]
[WhiteCountry "CAN"]
[BlackCountry "USA"]
[WhiteElo "1646"]
[WhiteRD "74"]
[BlackElo "1775"]
[BlackRD "47"]
[GameID "321489"]

1. Nf3 Nf6 2. c4 g6 3. e3 Bg7 4. Be2 O-O 5. O-O c5 6. Nc3 Nc6 7. a3 e6 8. d4 cxd4 9. exd4 d5 10. h3 dxc4
11. Bxc4 a6 12. Be3 b5 13. Bd3 Nd5 14. Nxd5 Qxd5 15. Qc2 Nxd4 16. Nxd4 Bxd4 17. Be4
1-0

[Event "Come on and play!"]
[Site "SchemingMind.com"]
[Date "2012.11.15"]
[Round "-"]
[White "hymanroth"]
[Black "Scooter"]
[Result "1-0"]
[WhiteCountry "CRO"]
[BlackCountry "USA"]
[WhiteElo "1905"]
[WhiteRD "249"]
[BlackElo "1764"]
[BlackRD "51"]
[GameID "321490"]

1. e4 c6 2. d4 d5 3. Nd2 dxe4 4. Nxe4 Bf5 5. Ng3 Bg6 6. h4 h6 7. Nf3 Nd7 8. h5 Bh7 9. Bd3 Qc7 10. Bxh7 Rxh7
11. Qd3 Ngf6 12. Bd2 O-O-O 13. O-O-O e6 14. Ne4 Nxe4 15. Qxe4 Nf6 16. Qd3 Be7 17. Ne5 Bd6 18. f4 Bxe5 19. fxe5 Nd7 20. Qxh7
1-0

[Event "Come on and play!"]
[Site "SchemingMind.com"]
[Date "2012.11.16"]
[Round "-"]
[White "kenneth m day"]
[Black "Majoanis"]
[Result "0-1"]
[WhiteCountry "USA"]
[BlackCountry "CAN"]
[WhiteElo "1765"]
[WhiteRD "52"]
[BlackElo "1846"]
[BlackRD "63"]
[GameID "321514"]

1. e4 e5 2. Nf3 Nc6 3. c3 d5 4. Qa4 f6 5. Bb5 Ne7 6. exd5 Qxd5 7. O-O e4 8. Bxc6+ Nxc6 9. Re1 f5 10. d4 Be7
11. Ne5 Bd7 12. Nxd7 Qxd7 13. Bf4 O-O-O 14. Nd2 g5 15. Be5 Nxe5 16. Qxa7 Nc6 17. Qa8+ Nb8 18. Nc4 Bd6 19. a4 Qc6 20. b3 Qa6
21. Qxa6 bxa6 22. Na5 Bf4 23. Re2 h5 24. g3 Bd6 25. Rb1 h4 26. c4 Bb4
0-1

[Event "Come on and play!"]
[Site "SchemingMind.com"]
[Date "2012.11.16"]
[Round "-"]
[White "kenneth m day"]
[Black "Scooter"]
[Result "0-1"]
[WhiteCountry "USA"]
[BlackCountry "USA"]
[WhiteElo "1752"]
[WhiteRD "52"]
[BlackElo "1775"]
[BlackRD "47"]
[GameID "321515"]

1. e4 c6 2. d4 d5 3. e5 Bf5 4. Nc3 e6 5. g4 Bg6 6. Nge2 Nd7 7. Nf4 c5 8. Be3 cxd4 9. Bxd4 Bb4 10. Nxg6 hxg6
11. Qd2 Qc7 12. O-O-O Nxe5 13. Be2 O-O-O 14. a3 Bxc3 15. Qxc3 Qxc3 16. Bxc3 f6 17. f4 Nc6 18. h4 Nge7 19. Bf3 e5 20. fxe5 Nxe5
21. Be2 Nc4 22. Bd3 Ne3 23. Rde1 d4 24. Bxd4 Rxd4 25. Rxe3 Nd5 26. Rg3 Nf4 27. h5 gxh5 28. Bf5+ Kb8 29. gxh5 Ne2+
0-1

[Event "Come on and play!"]
[Site "SchemingMind.com"]
[Date "2012.11.16"]
[Round "-"]
[White "kenneth m day"]
[Black "krzysztof"]
[Result "1-0"]
[WhiteCountry "USA"]
[BlackCountry "POL"]
[WhiteElo "1765"]
[WhiteRD "52"]
[BlackElo "1569"]
[BlackRD "70"]
[GameID "321516"]

1. e4 e5 2. Nf3 Nc6 3. c3 Bc5 4. d4 exd4 5. cxd4 Bb4+ 6. Bd2 Nf6 7. Bc4 Nxe4 8. Bxb4 Nxb4 9. Bxf7+ Kxf7 10. Qb3+ d5
11. Qxb4 Re8 12. O-O Ng5 13. Ne5+ Kg8 14. Nd2 Re6 15. f4 Nf7 16. Ndf3 Qf6 17. Qd2 Nxe5 18. fxe5 Qg6 19. Rac1 c6 20. Ng5 Re7
21. Rc3 Bf5 22. Rg3 Rf8 23. Rf4 Qe8 24. Qf2 h6 25. Rxf5 Rxf5 26. Qxf5 hxg5 27. Qxg5 Rf7 28. Rf3 Rxf3 29. gxf3 b6 30. Qe3 Qg6+
31. Kf2 Qh5 32. Qf4 Qe8 33. Qf5 Qe7 34. Kg3 Qe8 35. e6 a6 36. Kg4 g6 37. Qf6 Qf8 38. Kg5 Qxf6+ 39. Kxf6 Kf8 40. Kxg6 Ke7
41. Kf5 c5 42. dxc5 bxc5 43. h4 d4 44. Ke4 Kxe6 45. h5 Kf7 46. b4 d3 47. Kxd3 cxb4 48. Kc4 Kg7 49. Kxb4 Kh6 50. Ka5 Kxh5
51. Kxa6 Kg5 52. Kb5 Kf4 53. a4 Kxf3 54. a5 Ke4 55. a6 Kd5 56. a7 Kd6 57. a8=Q Kc7 58. Qc6+ Kb8 59. Qd7 Ka8 60. Kb6 Kb8
61. Qb7#
1-0

[Event "Come on and play!"]
[Site "SchemingMind.com"]
[Date "2012.11.16"]
[Round "-"]
[White "kenneth m day"]
[Black "Michal Drus"]
[Result "0-1"]
[WhiteCountry "USA"]
[BlackCountry "POL"]
[WhiteElo "1794"]
[WhiteRD "51"]
[BlackElo "1583"]
[BlackRD "64"]
[GameID "321517"]

1. e4 c6 2. d4 d5 3. e5 Bf5 4. Nc3 Qd7 5. h3 e6 6. Nf3 Bb4 7. Bd2 Ne7 8. g4 Bg6 9. Nh4 c5 10. Nxg6 Nxg6
11. a3 Bxc3 12. Bxc3 O-O 13. dxc5 Nc6 14. Bb5 d4 15. Bxd4 Qxd4 16. Qe2 Qxb2 17. O-O Nd4
0-1

[Event "Come on and play!"]
[Site "SchemingMind.com"]
[Date "2012.11.16"]
[Round "-"]
[White "kenneth m day"]
[Black "Iucounu"]
[Result "1-0"]
[WhiteCountry "USA"]
[BlackCountry "ENG"]
[WhiteElo "1770"]
[WhiteRD "51"]
[BlackElo "1400"]
[BlackRD "52"]
[GameID "321518"]

1. e4 e5 2. Nf3 Nc6 3. c3 Nf6 4. d4 Nxe4 5. d5 Ne7 6. Nxe5 Ng6 7. Nxg6 hxg6 8. Bd3 Nc5 9. O-O Nxd3 10. Qxd3 Be7
11. Re1 O-O 12. Bf4 d6 13. Nd2 Bf5 14. Qf3 Bf6 15. g4 Bd7 16. Ne4 Re8 17. Re2 Qc8 18. h3 Be5 19. Rae1 f6 20. Kg2 g5
21. Bxe5 dxe5 22. d6 c6 23. Ng3 Be6 24. b3 Bd5 25. Ne4 Bxe4 26. Qxe4 Rd8 27. Rd1 Qe6 28. Red2 Rd7 29. c4 Rad8 30. c5 Rf8
31. Rd3 Qf7 32. Rh1 Rc8 33. Rf3
1-0

[Event "Come on and play!"]
[Site "SchemingMind.com"]
[Date "2012.11.16"]
[Round "-"]
[White "kenneth m day"]
[Black "mireluc"]
[Result "1-0"]
[WhiteCountry "USA"]
[BlackCountry "ESP"]
[WhiteElo "1794"]
[WhiteRD "51"]
[BlackElo "1575"]
[BlackRD "87"]
[GameID "321520"]

1. e4 e5 2. Nf3 Nc6 3. d4 exd4 4. c3 dxc3 5. Nxc3 Bb4 6. Bc4 Bxc3+ 7. bxc3 h6 8. O-O Nf6 9. Ba3 d6 10. e5 Ne4
11. Qd5 Be6 12. Qxe4 d5 13. Bxd5 Bxd5 14. Qe3 Be6 15. Rfd1 Qc8 16. Rd2 Na5 17. Qc5 Nc6 18. Nd4 Qd7 19. Nxc6 b6 20. Rxd7 bxc5
21. Re7+ Kf8 22. Bxc5 Kg8 23. Rxc7 g5 24. a3 a6 25. Nd4 Bd5 26. Nf5 Re8 27. Ne7+ Kg7 28. Nxd5 Rxe5 29. Bd4 Re8 30. Re1 Kg6
31. Rxe5 Rb8 32. h3 Rb1+ 33. Kh2 Ra1 34. Ree7 Rxa3 35. Rxf7 Ra5 36. g4 Rxd5 37. Rg7#
1-0

[Event "Come on and play!"]
[Site "SchemingMind.com"]
[Date "2012.11.21"]
[Round "-"]
[White "kenneth m day"]
[Black "SAMAEL"]
[Result "0-1"]
[WhiteCountry "USA"]
[BlackCountry "CAN"]
[WhiteElo "1765"]
[WhiteRD "52"]
[BlackElo "1717"]
[BlackRD "52"]
[GameID "321521"]

1. e4 e5 2. Nf3 d6 3. d4 exd4 4. Nxd4 Nf6 5. Nc3 Be7 6. Bf4 Bd7 7. Qd2 Nc6 8. Bc4 Nxd4 9. Qxd4 O-O 10. O-O-O Re8
11. h3 h6 12. g4 Nh7 13. e5 Bc6 14. Rh2 dxe5 15. Qxe5 Bd6 16. Qf5 Bxf4+ 17. Qxf4 Qe7 18. f3 Qe3+ 19. Qxe3 Rxe3 20. f4 Rae8
21. g5 hxg5 22. fxg5 Nxg5 23. h4 Nf3 24. Rh3 Re1 25. Rxe1 Rxe1+ 26. Nd1 Ne5 27. Bb3 Bf3 28. c3 Rh1 29. Rxh1 Bxh1 30. Ne3 Ng6
31. Nf5 Be4 32. Ng3 Bf3 33. Nf5 Kf8 34. Kd2 Bc6 35. h5 Ne7 36. Ng3 Bd5 37. c4 Be6 38. Kc3 f5 39. Kd4 Kf7 40. Ke5 Nc6+
41. Kf4 Kf6 42. Nf1 Na5 43. Nd2 Nxb3 44. axb3 Bf7 45. Nf3 Bxh5 46. Nd4 g5+ 47. Kg3 f4+ 48. Kf2 a6 49. b4 Ke5 50. Nc2 g4
51. Ne1 Kd4 52. b3 Kc3
0-1

[Event "Come on and play!"]
[Site "SchemingMind.com"]
[Date "2012.11.16"]
[Round "-"]
[White "kenneth m day"]
[Black "hymanroth"]
[Result "0-1"]
[WhiteCountry "USA"]
[BlackCountry "CRO"]
[WhiteElo "1752"]
[WhiteRD "52"]
[BlackElo "2029"]
[BlackRD "111"]
[GameID "321522"]

1. e4 e5 2. Nf3 Nc6 3. c3 d5 4. Qa4 f6 5. Bb5 Ne7 6. exd5 Qxd5 7. O-O Bd7 8. d4 exd4 9. Re1 Ne5 10. Bxd7+ Qxd7
11. Qxd7+ Kxd7 12. Nxd4 Nd3 13. Rd1 Nxc1 14. Rxc1 Nc6 15. Nd2 Nxd4 16. cxd4 Bd6 17. Rc3 Bb4 18. Rc2 Bxd2 19. Rxd2 Rhe8 20. Kf1 Re7
21. Re1 Rxe1+ 22. Kxe1 Re8+ 23. Re2 Rxe2+ 24. Kxe2 Kd6 25. Kd3 Kd5 26. b3 f5 27. f4 c6 28. Ke3 b6 29. a3 a6 30. Kd3 g6
31. Ke3 a5 32. Kd3 h6 33. Ke3 a4 34. b4 Kc4 35. g3 Kb3
0-1

[Event "Come on and play!"]
[Site "SchemingMind.com"]
[Date "2012.11.16"]
[Round "-"]
[White "Majoanis"]
[Black "kenneth m day"]
[Result "1-0"]
[WhiteCountry "CAN"]
[BlackCountry "USA"]
[WhiteElo "1939"]
[WhiteRD "61"]
[BlackElo "1752"]
[BlackRD "52"]
[GameID "321523"]

1. e4 e6 2. d4 d5 3. Nc3 Nf6 4. Bg5 Be7 5. e5 Nfd7 6. h4 a6 7. Qg4 c5 8. Bxe7 Qxe7 9. Qxg7 Qf8 10. Qxf8+ Kxf8
11. f4 cxd4 12. Nce2 Nc6 13. Nf3 b5 14. Nexd4 Bb7 15. O-O-O Nb4 16. Kb1 Rc8 17. c3 Nc6 18. Nxc6 Rxc6 19. Nd4 Rb6 20. Rh3 Rg8
21. Re3 Nc5 22. Nb3 Ne4 23. Bd3 Nf2 24. Rg1 Nxd3 25. Rxd3 Rg4 26. g3 b4 27. cxb4 Rxb4 28. Rd4 Rxd4 29. Nxd4 a5 30. Kc2 Ke7
31. Kb3 Rg8 32. Rg2 Rb8 33. Ka4 Ra8 34. Rc2 Bc8 35. Rc7+ Ke8 36. g4 Bd7+ 37. Ka3 a4 38. f5 Kd8 39. Rc3 Rc8 40. Rxc8+ Kxc8
41. f6 Kd8 42. Kb4 Ke8 43. Kc5 Kf8 44. b4 axb3 45. axb3 Ke8 46. b4 Ba4 47. b5 Kd8 48. Kd6 Bd1 49. g5 Kc8 50. Nxe6
1-0

[Event "Come on and play!"]
[Site "SchemingMind.com"]
[Date "2012.11.16"]
[Round "-"]
[White "Scooter"]
[Black "kenneth m day"]
[Result "0-1"]
[WhiteCountry "USA"]
[BlackCountry "USA"]
[WhiteElo "1775"]
[WhiteRD "47"]
[BlackElo "1752"]
[BlackRD "52"]
[GameID "321524"]

1. d4 Nf6 2. Nf3 g6 3. Bf4 Bg7 4. e3 d6 5. Be2 O-O 6. O-O c5 7. c3 Nc6 8. h3 Bf5 9. Nbd2 Re8 10. Nh4 Bd7
11. Qc2 cxd4 12. exd4 e5 13. dxe5 dxe5 14. Bg5 Rc8 15. Nc4 Be6 16. Rad1 Qc7 17. Nd6 Nd4 18. Nxe8 Rxe8 19. Qd2 Ne4 20. Qe3 Nxe2+
21. Qxe2 Nxg5 22. a3 Bc4 23. Qg4 Bxf1 24. Kxf1 Ne6
0-1

[Event "Come on and play!"]
[Site "SchemingMind.com"]
[Date "2012.11.17"]
[Round "-"]
[White "krzysztof"]
[Black "kenneth m day"]
[Result "0-1"]
[WhiteCountry "POL"]
[BlackCountry "USA"]
[WhiteElo "1574"]
[WhiteRD "72"]
[BlackElo "1752"]
[BlackRD "52"]
[GameID "321525"]

1. e4 e6 2. Nf3 c5 3. Nc3 Nc6 4. d4 cxd4 5. Nxd4 Nf6 6. Nxc6 bxc6 7. Be3 Bb4 8. Bg5 Be7 9. Bd3 d6 10. Qf3 O-O
11. O-O-O a5 12. h4 e5 13. Bxf6 Bxf6 14. h5 Bg5+ 15. Kb1 Be6 16. Qe2 Qb6 17. Na4 Qd4 18. Nc3 Rfb8 19. Ka1 a4 20. a3 Rxb2
21. Kxb2 Rb8+ 22. Ka1 Qxc3#
0-1

[Event "Come on and play!"]
[Site "SchemingMind.com"]
[Date "2012.11.17"]
[Round "-"]
[White "Michal Drus"]
[Black "kenneth m day"]
[Result "0-1"]
[WhiteCountry "POL"]
[BlackCountry "USA"]
[WhiteElo "1614"]
[WhiteRD "67"]
[BlackElo "1765"]
[BlackRD "52"]
[GameID "321526"]

1. e4 e6 2. d4 d5 3. Nd2 Nf6 4. e5 Nfd7 5. Ngf3 c5 6. c3 Nc6 7. Be2 cxd4 8. Nxd4 Ncxe5 9. N2f3 Qb6 10. Nxe5 Nxe5
11. Bf4 Ng6 12. Bb5+ Bd7 13. Bxd7+ Kxd7 14. Qa4+ Kd8 15. Be3 Bc5 16. O-O Ke7 17. Rae1 Rhe8 18. b4 Bxd4 19. Bxd4 Qc6 20. Qxc6 bxc6
21. Bxg7 a5 22. f4 f5 23. a4 axb4 24. g4 Kf7
0-1

[Event "Come on and play!"]
[Site "SchemingMind.com"]
[Date "2012.11.17"]
[Round "-"]
[White "Iucounu"]
[Black "kenneth m day"]
[Result "0-1"]
[WhiteCountry "ENG"]
[BlackCountry "USA"]
[WhiteElo "1420"]
[WhiteRD "55"]
[BlackElo "1794"]
[BlackRD "51"]
[GameID "321527"]

1. e4 e6 2. d4 d5 3. Nc3 Nf6 4. e5 Nfd7 5. f4 a6 6. Nf3 c5 7. Be2 Nc6 8. Be3 Be7 9. Qd2 O-O 10. O-O f6
11. exf6 Rxf6 12. Ne5 cxd4 13. Nxd7 Bxd7 14. Bxd4 Nxd4 15. Qxd4 Rc8 16. Bd3 Bc5
0-1

[Event "Come on and play!"]
[Site "SchemingMind.com"]
[Date "2012.11.17"]
[Round "-"]
[White "mireluc"]
[Black "kenneth m day"]
[Result "0-1"]
[WhiteCountry "ESP"]
[BlackCountry "USA"]
[WhiteElo "1575"]
[WhiteRD "87"]
[BlackElo "1794"]
[BlackRD "51"]
[GameID "321529"]

1. e4 e6 2. f4 c5 3. Nf3 Nc6 4. d3 d5 5. exd5 exd5 6. Be2 Nf6 7. c4 Be7 8. b3 O-O 9. O-O Re8 10. Ba3 Bd6
11. Nbd2 b6 12. Ne5 Nxe5 13. fxe5 Rxe5 14. d4 cxd4 15. Bxd6 Qxd6 16. Nf3 Re3 17. Nxd4 Bd7 18. Nb5 Bxb5 19. cxb5 Rae8 20. Bf3 d4
21. Qd2 Ne4 22. Bxe4 R8xe4 23. Rae1 Qe5 24. Rxe3 Rxe3 25. Qb4 Qc5 26. Qc4 Re6 27. Kh1 Qxc4 28. bxc4 d3 29. h3 d2 30. Kh2 Re1
31. Rf5 d1=Q 32. c5 bxc5 33. h4 Rh1+ 34. Kg3 Qe1+ 35. Rf2 Rf1 36. Kg4 Qxf2 37. g3 Qf5#
0-1

[Event "Come on and play!"]
[Site "SchemingMind.com"]
[Date "2012.11.21"]
[Round "-"]
[White "SAMAEL"]
[Black "kenneth m day"]
[Result "1/2-1/2"]
[WhiteCountry "CAN"]
[BlackCountry "USA"]
[WhiteElo "1717"]
[WhiteRD "52"]
[BlackElo "1765"]
[BlackRD "52"]
[GameID "321530"]

1. e4 e6 2. d4 d5 3. exd5 exd5 4. Nf3 Nf6 5. Be2 Bd6 6. h3 O-O 7. O-O Re8 8. Re1 Nc6 9. a3 h6 10. Be3 Ne4
11. Bd3 Bf5 12. c3 Qd7 13. Bf1 Re6 14. Nbd2 Nxd2 15. Qxd2 Be4 16. Nh2 Rg6 17. f3 Bf5 18. Kh1 Re8 19. Bf4 Rge6 20. Bxd6 Qxd6
21. Qf2 Ne7 22. Rxe6 Qxe6 23. Re1 Qd7 24. g4 Be6 25. Re3 Ng6 26. f4 f5 27. Bd3 Ne7 28. Qe2 Bf7 29. gxf5 c6 30. Ng4 Kf8
31. Ne5 Qd6 32. Nxf7 Kxf7 33. Re6 Qxf4 34. Re3 Qg5 35. Re5 Qc1+ 36. Kg2 Qg5+ 37. Kf1 Qc1+ 38. Kf2 Qf4+ 39. Qf3 Qh2+ 40. Qg2 Qf4+
41. Kg1 Qc1+ 42. Bf1 Qf4 43. Qg4 Qc1 44. Re2 Qg5 45. Qxg5 hxg5 46. Rf2 Ng8 47. Re2 Rxe2 48. Bxe2 Ne7 49. Bd3 Kf6 50. Kg2 Nxf5
51. Bxf5 Kxf5 52. Kf3 g6 53. a4 a5 54. b4 b6 55. bxa5 bxa5 56. Kg3 g4 57. h4 Kf6 58. Kxg4 Kg7 59. Kg5 Kf7 60. Kg4=
1/2-1/2

[Event "Come on and play!"]
[Site "SchemingMind.com"]
[Date "2012.11.17"]
[Round "-"]
[White "hymanroth"]
[Black "kenneth m day"]
[Result "1-0"]
[WhiteCountry "CRO"]
[BlackCountry "USA"]
[WhiteElo "2029"]
[WhiteRD "111"]
[BlackElo "1752"]
[BlackRD "52"]
[GameID "321531"]

1. e4 e6 2. d4 d5 3. Nc3 Nf6 4. Bg5 Be7 5. e5 Nfd7 6. Bxe7 Qxe7 7. f4 a6 8. Nf3 c5 9. Qd2 Nc6 10. O-O-O b5
11. dxc5 Nxc5 12. Bd3 b4 13. Ne2 a5 14. Ned4 Nxd4 15. Nxd4 Nxd3+ 16. Qxd3 O-O 17. h4 Ba6 18. Qg3 Rfc8 19. f5 Qc5 20. f6 g6
21. h5 Kf8 22. hxg6 fxg6 23. Nxe6+
1-0